Catalog

Record Details

Catalog Search



Im Bann der Natur / erarbeitet von Hoimar v. Ditfurth und Rudolf Walter ; mit einem Essay von Hoimar v. Ditfurth

Available copies

  • 1 of 1 copy available at Common Catalog SPOK.

Holds

  • 0 current holds with 1 total copy.
Show Only Available Copies
Location Call Number / Copy Notes Barcode Shelving Location Status Due Date
Jabok Library ST-1.2 424480007182 Depozitář (knihy) - ptejte se knihovníka Available -

LDR 01705cam a22004457a 4500
0014242
003CZ-PrJAB
00520190227152557.0
007ta
008941118s1985 gw r ger d
020 . ‡a3-451-19792-8
020 . ‡a3-451-19822-3
035 . ‡a(CZ PrCU)000068721
040 . ‡aABD027 ‡bcze ‡cABD027 ‡dABD027 ‡dABD064
080 . ‡a27-175.2 ‡2MRF
080 . ‡a2-18 ‡2MRF
080 . ‡a177.7 ‡2MRF
1001 . ‡aWalter, Rudolf ‡4aut
24510. ‡aIm Bann der Natur / ‡cerarbeitet von Hoimar v. Ditfurth und Rudolf Walter ; mit einem Essay von Hoimar v. Ditfurth
250 . ‡a1. Aufl.
260 . ‡aFreiburg : ‡bHerder, ‡c1985
300 . ‡a391 s. ; ‡c21 cm
4901 . ‡aChristlicher Glaube in moderner Gesellschaft. Enzyklopädische Bibliothek in 30 Themenbänden und 7 Quellenbänden ; ‡vTeilband 32, Quellenband 2
65007. ‡aapokalyptika ‡2ctt
65007. ‡ačlověk ‡2ctt
65007. ‡anové stvoření ‡2ctt
65007. ‡aodpovědnost za svět ‡2ctt
65007. ‡apříroda ‡2ctt
65007. ‡asvět (náboženství) ‡7ph229519 ‡2czenas
65007. ‡atělesnost ‡2ctt
65007. ‡aživotní prostředí ‡2ctt
655 7. ‡asborníky ‡7fd163935 ‡2czenas
7001 . ‡aDitfurth, Hoimar von, ‡d1921-1989 ‡7jn20010602962 ‡4aut
830 0. ‡aChristlicher Glaube in moderner Gesellschaft. ‡pEnzyklopädische Bibliothek in 30 Themenbänden und 7 Quellenbänden
910 . ‡aABG312
995 . ‡aska
901 . ‡a4242 ‡bUnknown ‡c4242 ‡tbiblio

Additional Resources